| 000 | 00719nam a2200133Ia 4500 | ||
|---|---|---|---|
| 008 | 171212s9999 xx 000 0 und d | ||
| 020 | _a9781922144126 | ||
| 100 | _aTennant-Wood, Robin | ||
| 245 |
_cTennant-Wood, Robin _aFollowing the sun _bThe pioneering years of solar energy research at The Australian National University 1970—2005 |
||
| 260 |
_bANU E Press _c2012 |
||
| 650 | _aAustralian National University; Solar energy -- Research -- Australian Capital Territory -- Canberra -- History; Solar energy -- Research -- Australian Capital Territory -- Canberra; Research -- Australian Capital Territory -- Canberra | ||
| 650 | _aHistory of Science & Technology | ||
| 856 | _uwww.jstor.org/stable/10.2307/j.ctt24h968 | ||
| 999 |
_c351117 _d351117 |
||